| 000 | 00448nam a22001577a 4500 | ||
|---|---|---|---|
| 003 | OSt | ||
| 008 | 251222b |||||||| |||| 00| 0 eng d | ||
| 082 |
_a631.53 _bS48I |
||
| 100 | _aSingh, Prabhakar Kumar | ||
| 245 | _aIdentification of Heterotic Combinations and transfer of Cytosterility in Rice (Oryza sativa L.) | ||
| 260 |
_aPusa, Samastipur _bDRPCAU _c1992 |
||
| 300 | _a110p | ||
| 502 | _bPh.D | ||
| 650 | _aPlant Breeding | ||
| 942 |
_2ddc _cT |
||
| 999 |
_c49646 _d49646 |
||